000 00471nam a2200169 i 4500
001 50389
003 ES-MaACL
005 20230906162154.0
007 t|
008 030804q1946 sp ||||1| spa d
100 1 _aCuadra Echaide, Pilar de.
_9157527
245 1 0 _aLágrimas
_b: rimas de amor /
_cPilar de Cuadra.
250 _a2ª ed.
260 _a[S.l. :
_bs.n.,
_c1946?] (
_fEdit. J. Schnnoll)
300 _a65 p. ;
_c12 cm.
852 _aES-MaACL
_j1868-F-6
_bR.23751
999 _c50389
_d50389